| 000 | 00705nam a2200241 i 4500 | ||
|---|---|---|---|
| 001 | 146747 | ||
| 003 | ES-MaACL | ||
| 005 | 20230906201646.0 | ||
| 007 | t| | ||
| 008 | 070917s1973 sp ||||1| spa d | ||
| 020 | _a84-276-1113-7 | ||
| 080 | _a338.965(043.2) | ||
| 100 | 1 |
_aTrigo Chacón, Manuel. _9111412 |
|
| 245 | 1 | 3 |
_aLa empresa multinacional / _cManuel Trigo Chacón. |
| 260 |
_a[Madrid : _bEditora Nacional, _c1973] |
||
| 300 |
_a455 p. ; _c21 cm. |
||
| 490 | 1 | _aRelaciones internacionales | |
| 502 | _aTesis-Univ. Complutense de Madrid. | ||
| 650 | 1 | 4 |
_aMultinacionales. _915352 |
| 830 | 1 |
_aRelaciones internacionales _9220883 |
|
| 852 |
_aES-MaACL _jC-53004 |
||
| 999 |
_c146747 _d146747 |
||